Modem truyền số liệu
Trình bày những kiến thức, yếu tố căn bản thiết thực về sử dụng modem, cơ sở kỹ thuật và hệ thống của modem.
Tallennettuna:
| Päätekijä: | |
|---|---|
| Aineistotyyppi: | Kirja |
| Kieli: | Undetermined |
| Julkaistu: |
Hà Nội
Giáo Dục
2000
|
| Aiheet: | |
| Tagit: |
Lisää tagi
Ei tageja, Lisää ensimmäinen tagi!
|
| Thư viện lưu trữ: | Trung tâm Học liệu Trường Đại học Cần Thơ |
|---|
| LEADER | 00850nam a2200229Ia 4500 | ||
|---|---|---|---|
| 001 | CTU_41529 | ||
| 008 | 210402s9999 xx 000 0 und d | ||
| 020 | |b 15.000đ; 16.500đ ( lô 01.04 ) | ||
| 020 | |c 16500 | ||
| 082 | |a 004.64 | ||
| 082 | |b S464 | ||
| 100 | |a Nguyễn, Hồng Sơn | ||
| 245 | 0 | |a Modem truyền số liệu | |
| 245 | 0 | |c Nguyễn Hồng Sơn, Hoàng Đức Hải, | |
| 260 | |a Hà Nội | ||
| 260 | |b Giáo Dục | ||
| 260 | |c 2000 | ||
| 520 | |a Trình bày những kiến thức, yếu tố căn bản thiết thực về sử dụng modem, cơ sở kỹ thuật và hệ thống của modem. | ||
| 650 | |a Modems,Data transmission systems | ||
| 650 | |x Equipment and supplies | ||
| 904 | |i Minh, 010524 | ||
| 980 | |a Trung tâm Học liệu Trường Đại học Cần Thơ | ||